00441nam a2200157 a 4500008004100000020001500041050001500056100002400071245005000095260003800145300001300183350001300196650001000209650002200219650004200241081111s1989 ||||||||||||||||| || u a0702122998 aP 95.8 Oos aOosthuizen, Lucas M10aMedia policy and ethics.cLucas M. Oosthuizen aCape TownbJuta and Companyc1989 aix, 102p a22500.00 aMEDIA aMASS MEDIA POLICY aMASS MEDIA--MORAL AND ETHICAL ASPECTS